Ako zdokonaliť správne konanie.

Dve cesty zdokonalenia správneho konania v súčasnosti: na báze zdokonalenej právnej regulácie (novela, či zákon) a na základe zdokonalenia v rámci danej právnej úpravy. Tri spôsoby zdokonalenia v rámci danej právnej úpravy: zdokonalenie realizáciou práva, uplatňovanie metód predbežného preverovania...

Description complète

Enregistré dans:
Détails bibliographiques
Auteur principal: Gašpar, M.
Format: Chapitre de livre
Langue:slovaque
Sujets:
Tags: Ajouter un tag
Pas de tags, Soyez le premier à ajouter un tag!

MARC

LEADER 00000naa a2200000 4500
001 r007946
005 20220831085511.5
041 0 |a slo 
044 |a [CS] 
245 1 0 |a Ako zdokonaliť správne konanie.  |c M. Gašpar 
520 |a Dve cesty zdokonalenia správneho konania v súčasnosti: na báze zdokonalenej právnej regulácie (novela, či zákon) a na základe zdokonalenia v rámci danej právnej úpravy. Tri spôsoby zdokonalenia v rámci danej právnej úpravy: zdokonalenie realizáciou práva, uplatňovanie metód predbežného preverovania individuálnych rozhodnutí a uplatňovanie metód následnej kontroly. 
610 2 0 |a právo správne 
610 2 0 |a zákony 
610 2 0 |a Slovensko 
610 2 0 |a predpisy právne 
100 1 |a Gašpar, M.